| 000 | 00868nam a22002657a 4500 | ||
|---|---|---|---|
| 003 | OSt | ||
| 005 | 20260428103436.0 | ||
| 008 | 260428b |||||||| |||| 00| 0 eng d | ||
| 020 | _a978-93-49531-42-0 | ||
| 037 | _cReference | ||
| 040 |
_aFEDL _beng _cFEDL |
||
| 041 |
_aeng _heng |
||
| 082 | _a181.4 SHA/RR | ||
| 100 |
_aSharma, Raj Kishore, Ed. _91235806 |
||
| 245 |
_aVastu Shastra: _bThe sacred science of space and harmony/ _cedited by Raj Kishore Sharma; Shobhita Singal. |
||
| 260 |
_aNew Delhi _bKitabwale _c2025 |
||
| 300 | _a56P. | ||
| 365 |
_b170.00 _aINR |
||
| 490 | _vV.21 | ||
| 650 |
_aPHILOSOPHY OF INDIA _91234613 |
||
| 650 |
_aANCIENT ARCHITECTURE-VASTUSASTRA AND MURTI KALA _91235808 |
||
| 700 |
_aSingal, Shobhita, Ed. _91235807 |
||
| 942 |
_2ddc _cREF _h181.4 SHA/RR _n0 |
||
| 999 |
_c1848588 _d1848588 |
||